| 000 | 00512nam a2200133Ia 4500 | ||
|---|---|---|---|
| 008 | 170419s9999 xx 000 0 und d | ||
| 100 | _aWalker, Patricia Hinton. | ||
| 245 | _aBattlefield acupuncture: opening the door for acupuncture in department of defense/veterans's administration health care | ||
| 245 | _cPatricia Hinton Walker, Arnyce Pock, Catherine G. Ling, Kyung Nancy Kwon, Megan Vaughan | ||
| 260 | _bElsevier | ||
| 260 | _c2016 | ||
| 300 | _aSeptember/November | ||
| 440 |
_aNursing Outlook _v64:5 |
||
| 999 |
_c329481 _d329481 |
||